U.S. State Size Quiz - Statistics

General Stats
  • This quiz has been taken 18 times
  • The average score is 18 of 50
Answer Stats
Square Miles (Land Area) State % Correct
570,641 Alaska
100%
155,973 California
100%
261,914 Texas
100%
145,556 Montana
82%
1,034 Rhode Island
73%
1,955 Delaware
64%
6,423 Hawaii
64%
113,642 Arizona
55%
4,845 Connecticut
55%
109,806 Nevada
55%
121,365 New Mexico
55%
96,003 Oregon
55%
82,168 Utah
55%
103,730 Colorado
45%
82,751 Idaho
45%
97,105 Wyoming
45%
81,823 Kansas
36%
7,419 New Jersey
36%
68,994 North Dakota
36%
75,898 South Dakota
36%
52,075 Arkansas
27%
57,919 Georgia
27%
55,593 Illinois
27%
35,870 Indiana
27%
55,875 Iowa
27%
30,865 Maine
27%
9,775 Maryland
27%
7,838 Massachusetts
27%
68,898 Missouri
27%
76,878 Nebraska
27%
8,969 New Hampshire
27%
40,953 Ohio
27%
68,679 Oklahoma
27%
9,249 Vermont
27%
66,582 Washington
27%
24,087 West Virginia
27%
50,750 Alabama
18%
43,566 Louisiana
18%
56,539 Michigan
18%
79,617 Minnesota
18%
44,820 Pennsylvania
18%
30,111 South Carolina
18%
53,997 Florida
9%
39,732 Kentucky
9%
46,914 Mississippi
9%
47,224 New York
9%
48,718 North Carolina
9%
41,220 Tennessee
9%
39,598 Virginia
9%
54,314 Wisconsin
9%
No matching quizzes found
Score Distribution
Percent of People with Each Score
Percentile by Number Answered
Your Score History
You have not taken this quiz